[Event "Guayaquil zt 2.4"]
[Site "Guayaquil"]
[Date "2019.04.14"]
[Round "9"]
[White "Munoz Sanchez, Jhon Marcelo"]
[Black "Martinez Maya, Steeven Orlando"]
[Result "1-0"]
[WhiteElo "2223"]
[BlackElo "2152"]
[PlyCount "39"]
[EventDate "2019.04.09"]
[EventType "swiss"]
[EventRounds "9"]
[EventCountry "ECU"]
[SourceTitle "CBM 189 Extra"]
[Source "ChessBase"]
[SourceDate "2019.06.03"]
[SourceVersion "1"]
[SourceVersionDate "2019.06.03"]
[SourceQuality "1"]

1. d4 Nf6 2. c4 g6 3. Nc3 Bg7 4. e4 d6 5. Nf3 0-0 6. Be2 e5 7. d5 a5 8. Bg5 h6 9. Be3 Ng4 10. Bd2 f5 11. h3 Nf6 12. exf5 gxf5 13. Qc1 Kh7 14. g4 Ng8 15. Qc2 e4 16. Nh2 Na6 17. a3 Bd7 18. Nf1 Qh4 19. Ng3 Qe7 20. Nxf5 1-0

[Event "Guayaquil zt 2.4"]
[Site "Guayaquil"]
[Date "2019.04.10"]
[Round "2"]
[White "Martinez Maya, Steeven Orlando"]
[Black "Mekhitarian, Krikor Sevag"]
[Result "0-1"]
[WhiteElo "2152"]
[BlackElo "2531"]
[PlyCount "70"]
[EventDate "2019.04.09"]
[EventType "swiss"]
[EventRounds "9"]
[EventCountry "ECU"]
[SourceTitle "CBM 189 Extra"]
[Source "ChessBase"]
[SourceDate "2019.06.03"]
[SourceVersion "1"]
[SourceVersionDate "2019.06.03"]
[SourceQuality "1"]

1. c4 e5 2. g3 Nf6 3. Bg2 Bc5 4. Nc3 0-0 5. e3 d6 6. Nge2 Re8 7. d3 Nc6 8. 0-0 Bf5 9. e4 Be6 10. h3 a6 11. Kh2 Nd7 12. f4 f6 13. f5 Bf7 14. g4 b5 15. b3 Bd4 16. Rb1 Nc5 17. a3 Bxc3 18. Nxc3 Nd4 19. Be3 Rb8 20. Bxd4 exd4 21. Ne2 Qe7 22. Qc2 bxc4 23. bxc4 Qe5+ 24. Kh1 h5 25. Bf3 hxg4 26. Bxg4 c6 27. Bf3 Rbc8 28. Rg1 d5 29. Qd2 Kf8 30. Rg4 dxe4 31. dxe4 d3 32. Nf4 Nxe4 33. Qg2 Qxf5 34. Rb7 Ng5 35. Bxc6 d2 0-1

[Event "Guayaquil zt 2.4"]
[Site "Guayaquil"]
[Date "2019.04.09"]
[Round "1"]
[White "Dillon Iperti, Miguel Jack"]
[Black "Martinez Maya, Steeven Orlando"]
[Result "0-1"]
[WhiteElo "1717"]
[BlackElo "2152"]
[PlyCount "42"]
[EventDate "2019.04.09"]
[EventType "swiss"]
[EventRounds "9"]
[EventCountry "ECU"]
[SourceTitle "CBM 189 Extra"]
[Source "ChessBase"]
[SourceDate "2019.06.03"]
[SourceVersion "1"]
[SourceVersionDate "2019.06.03"]
[SourceQuality "1"]

1. d4 Nf6 2. c4 c5 3. d5 b5 4. cxb5 a6 5. b6 d6 6. Nc3 Nbd7 7. e4 g6 8. Nf3 Rb8 9. Be2 Bg7 10. 0-0 0-0 11. Nd2 Nxb6 12. a4 Nfd7 13. a5 Na8 14. f4 Nc7 15. Nc4 Nb5 16. Na4 Nd4 17. Nab6 Nxb6 18. axb6 e6 19. Bd3 exd5 20. exd5 f5 21. Bd2 Bb7 0-1

[Event "ECU pre olympic"]
[Site "Duran"]
[Date "2016.05.13"]
[Round "7"]
[White "Munoz Sanchez, Jhon Marcelo"]
[Black "Martinez Maya, Steeven Orlando"]
[Result "1/2-1/2"]
[WhiteElo "2253"]
[BlackElo "2103"]
[PlyCount "72"]
[EventDate "2016.05.09"]
[EventType "tourn"]
[EventRounds "11"]
[EventCountry "ECU"]
[SourceTitle "CBM 172 Extra"]
[Source "ChessBase"]
[SourceDate "2016.06.21"]
[SourceVersion "1"]
[SourceVersionDate "2016.06.21"]
[SourceQuality "1"]

1. d4 Nf6 2. c4 c5 3. d5 e5 4. Nc3 d6 5. e4 Be7 6. Nf3 Nbd7 7. Be2 Nf8 8. 0-0 Ng6 9. Re1 0-0 10. h3 h6 11. Be3 Nh7 12. Nh2 Bg5 13. Bg4 a6 14. Bxc8 Rxc8 15. g3 Qe8 16. a4 f5 17. exf5 Rxf5 18. Ne4 Rd8 19. Nf1 Qf7 20. Kg2 Be7 21. Bd2 Rf8 22. Re2 Kh8 23. Be1 Ng5 24. Nfd2 Nxe4 25. Nxe4 Rf3 26. b4 cxb4 27. Bxb4 Qf5 28. Qc2 Qd7 29. Rf1 Nh4+ 30. Kh2 Nf5 31. Bc3 Nd4 32. Bxd4 exd4 33. Qd2 Bf6 34. Nxf6 R3xf6 35. Qxd4 Qf5 36. Kg2 Qg6 1/2-1/2

[Event "ECU pre olympic"]
[Site "Duran"]
[Date "2016.05.12"]
[Round "6"]
[White "Martinez Maya, Steeven Orlando"]
[Black "Menes Camejo, Ivan"]
[Result "1/2-1/2"]
[WhiteElo "2103"]
[BlackElo "1968"]
[PlyCount "122"]
[EventDate "2016.05.09"]
[EventType "tourn"]
[EventRounds "11"]
[EventCountry "ECU"]
[SourceTitle "CBM 172 Extra"]
[Source "ChessBase"]
[SourceDate "2016.06.21"]
[SourceVersion "1"]
[SourceVersionDate "2016.06.21"]
[SourceQuality "1"]

1. e4 e5 2. Nf3 Nc6 3. Bb5 a6 4. Ba4 Nf6 5. 0-0 Bc5 6. c3 b5 7. Bc2 d6 8. h3 Bb7 9. a4 Rb8 10. d4 Bb6 11. axb5 axb5 12. Na3 0-0 13. d5 Ne7 14. Nxb5 Ng6 15. Na3 Ba6 16. Bd3 Bxd3 17. Qxd3 Nh5 18. Nc4 Ngf4 19. Bxf4 Nxf4 20. Qc2 Qf6 21. Ne1 Qg6 22. Kh2 f5 23. g3 Nh5 24. exf5 Qg5 25. Ng2 Nf6 26. Nge3 Qh5 27. b4 g6 28. Nxb6 cxb6 29. fxg6 hxg6 30. Ra7 e4 31. c4 Rbe8 32. Qd1 Qg5 33. h4 Qh6 34. Kg2 Ra8 35. Rxa8 Rxa8 36. Qd4 Rf8 37. f3 exf3+ 38. Rxf3 Nd7 39. Rxf8+ Kxf8 40. Qe4 Ne5 41. c5 bxc5 42. bxc5 Qh5 43. cxd6 Qe2+ 44. Kh3 Nf3 45. Qe7+ Kg8 46. Kg4 Nxh4+ 47. Kh3 Nf3 48. Qe8+ Kh7 49. Qe7+ Kg8 50. Qd8+ Kh7 51. Qc7+ Kg8 52. Qb8+ Kh7 53. Qa7+ Kg8 54. Kg4 Nd4+ 55. Kg5 Qxe3+ 56. Kxg6 Qxg3+ 57. Kh5 Qh3+ 58. Kg5 Qf5+ 59. Kh4 Nf3+ 60. Kg3 Qg5+ 61. Kxf3 Qxd5+ 1/2-1/2

[Event "ECU pre olympic"]
[Site "Duran"]
[Date "2016.05.10"]
[Round "2"]
[White "Pazos Gambarrotti, Plinio Efrain"]
[Black "Martinez Maya, Steeven Orlando"]
[Result "1/2-1/2"]
[WhiteElo "2212"]
[BlackElo "2103"]
[PlyCount "69"]
[EventDate "2016.05.09"]
[EventType "tourn"]
[EventRounds "11"]
[EventCountry "ECU"]
[SourceTitle "CBM 172 Extra"]
[Source "ChessBase"]
[SourceDate "2016.06.21"]
[SourceVersion "1"]
[SourceVersionDate "2016.06.21"]
[SourceQuality "1"]

1. d4 Nf6 2. Nf3 g6 3. g3 Bg7 4. Bg2 0-0 5. 0-0 d6 6. b3 Nbd7 7. Bb2 c6 8. Nbd2 Qc7 9. e4 e5 10. Re1 exd4 11. Bxd4 Re8 12. c4 a6 13. Qc2 c5 14. Bb2 b5 15. Re2 Bb7 16. Rae1 Nh5 17. Bxg7 Nxg7 18. Nb1 b4 19. Nbd2 a5 20. Qb2 Ne6 21. Re3 a4 22. e5 dxe5 23. Nxe5 Nxe5 24. Qxe5 Qxe5 25. Rxe5 Bxg2 26. Kxg2 axb3 27. axb3 Red8 28. Ne4 Rac8 29. Ra1 Rd3 30. Ra7 Rc6 31. Ra5 Rxb3 32. Nxc5 Nxc5 33. Raxc5 Rf6 34. Re2 Rc3 35. Rc8+ 1/2-1/2

[Event "ECU pre olympic"]
[Site "Duran"]
[Date "2016.05.09"]
[Round "1"]
[White "Martinez Maya, Steeven Orlando"]
[Black "Chang Suarez, Andres Felipe"]
[Result "1-0"]
[WhiteElo "2103"]
[BlackElo "2020"]
[PlyCount "72"]
[EventDate "2016.05.09"]
[EventType "tourn"]
[EventRounds "11"]
[EventCountry "ECU"]
[SourceTitle "CBM 172 Extra"]
[Source "ChessBase"]
[SourceDate "2016.06.21"]
[SourceVersion "1"]
[SourceVersionDate "2016.06.21"]
[SourceQuality "1"]

1. e4 d5 2. exd5 Qxd5 3. Nc3 Qd8 4. d4 Nf6 5. Bc4 g6 6. Nf3 Bg4 7. Bxf7+ Kxf7 8. Ne5+ Kg8 9. Nxg4 Nc6 10. d5 Nb4 11. Nxf6+ exf6 12. 0-0 h5 13. a3 Na6 14. Be3 Nc5 15. Qf3 Rh7 16. Rad1 Nd7 17. Bd4 Rf7 18. Rfe1 Bd6 19. Ne4 Be7 20. c4 a5 21. Nc3 Kh7 22. Nb5 Ra6 23. Re6 Nc5 24. Rxa6 Nxa6 25. d6 Bxd6 26. Qxb7 Nc5 27. Bxc5 Bxh2+ 28. Kxh2 Qxd1 29. Qd5 Qxd5 30. cxd5 f5 31. b4 axb4 32. Bxb4 Rd7 33. Nc3 c6 34. d6 Kg7 35. Na4 Kf7 36. Nb6 Rb7 1-0

[Event "Wch U18"]
[Site "Al Ain"]
[Date "2013.12.23"]
[Round "8"]
[White "Horvath, David G"]
[Black "Martinez Maya, Steeven Orlando"]
[Result "1-0"]
[WhiteElo "2351"]
[BlackElo "2065"]
[PlyCount "65"]
[EventDate "2013.12.18"]
[EventType "swiss"]
[EventRounds "11"]
[EventCountry "UAE"]
[SourceTitle "CBM 158 Extra"]
[Source "ChessBase"]
[SourceDate "2014.02.28"]
[SourceVersion "1"]
[SourceVersionDate "2014.02.28"]
[SourceQuality "1"]

1. c4 Nf6 2. g3 e5 3. Bg2 d5 4. cxd5 Nxd5 5. Nc3 Nb6 6. Nf3 Nc6 7. 0-0 Be7 8. a3 Be6 9. b4 0-0 10. Rb1 f6 11. d3 Qd7 12. Ne4 Nd5 13. Qc2 b6 14. Bb2 a5 15. b5 Na7 16. d4 Nxb5 17. dxe5 Nxa3 18. Bxa3 Bxa3 19. exf6 Nxf6 20. Ne5 Qe8 21. Nxf6+ Rxf6 22. Bxa8 Qxa8 23. Nf3 Bc5 24. Ng5 Rg6 25. Nxe6 Rxe6 26. e3 Qe4 27. Qb3 Kf7 28. Rbc1 Qf5 29. Rc4 Ke7 30. Rfc1 Re5 31. Rf4 Qe6 32. Qc2 g6 33. Qa4 1-0

[Event "Wch U18"]
[Site "Al Ain"]
[Date "2013.12.22"]
[Round "6"]
[White "Martinez Maya, Steeven Orlando"]
[Black "Thing, Bibek"]
[Result "1-0"]
[WhiteElo "2065"]
[BlackElo "1902"]
[PlyCount "123"]
[EventDate "2013.12.18"]
[EventType "swiss"]
[EventRounds "11"]
[EventCountry "UAE"]
[SourceTitle "CBM 158 Extra"]
[Source "ChessBase"]
[SourceDate "2014.02.28"]
[SourceVersion "1"]
[SourceVersionDate "2014.02.28"]
[SourceQuality "1"]

1. e4 c5 2. Nf3 d6 3. d4 cxd4 4. Nxd4 Nf6 5. Nc3 a6 6. Bg5 e6 7. Qd2 Be7 8. Be2 Qc7 9. 0-0 b5 10. a3 Bb7 11. Rfe1 Nbd7 12. Bd3 h6 13. Bh4 0-0 14. Qe2 Ne5 15. Bg3 Nxd3 16. cxd3 Qb6 17. Nc2 Rac8 18. Bf4 Qc6 19. Nd4 Qd7 20. Be3 Bd8 21. Qf3 Qe7 22. Qh3 Nd7 23. f4 Bb6 24. Kh1 Qf6 25. Nde2 Bxe3 26. Qxe3 Qe7 27. Ng3 Rfd8 28. Re2 Nf6 29. Qf3 Rc7 30. h3 Rdc8 31. Qf2 Nd7 32. Rf1 Nc5 33. Qe3 Qf6 34. Kh2 Nb3 35. Ref2 Qd4 36. Qf3 Nc5 37. f5 Qxd3 38. Qg4 Qd4 39. f6 g6 40. Qf4 Kh7 41. Rd2 Qe5 42. Qh4 Rd7 43. Rfd1 Rcd8 44. Kg1 Nb3 45. Rd3 Na5 46. Rf1 Nc4 47. Rf2 Rc7 48. Nd1 d5 49. Re2 d4 50. Nf1 Nd6 51. Nf2 Nc4 52. Ng4 Qg5 53. Qg3 Rcd7 54. h4 Qc1 55. Re1 Qc2 56. Qf4 g5 57. hxg5 Rg8 58. Rh3 Rg6 59. Nxh6 e5 60. Qf5 Bxe4 61. Rxe4 Ne3 62. Nxf7+ 1-0

[Event "Wch U18"]
[Site "Al Ain"]
[Date "2013.12.19"]
[Round "2"]
[White "Martinez Maya, Steeven Orlando"]
[Black "Anton Guijarro, David"]
[Result "1/2-1/2"]
[WhiteElo "2065"]
[BlackElo "2558"]
[PlyCount "99"]
[EventDate "2013.12.18"]
[EventType "swiss"]
[EventRounds "11"]
[EventCountry "UAE"]
[SourceTitle "CBM 158 Extra"]
[Source "ChessBase"]
[SourceDate "2014.02.28"]
[SourceVersion "1"]
[SourceVersionDate "2014.02.28"]
[SourceQuality "1"]

1. e4 c5 2. Nf3 Nc6 3. d4 cxd4 4. Nxd4 Nf6 5. Nc3 d6 6. Bg5 Qb6 7. Nb3 e6 8. Bxf6 gxf6 9. Qh5 Bd7 10. Bd3 Ne5 11. Rd1 Be7 12. Be2 0-0-0 13. 0-0 Ng6 14. Bb5 Bxb5 15. Qxb5 Qxb5 16. Nxb5 a6 17. Nc3 Ne5 18. Nd4 Kb8 19. b3 Rc8 20. Nce2 b5 21. c3 Nd7 22. Rc1 h5 23. Rfd1 h4 24. Rf1 Bf8 25. Rcd1 Nb6 26. Rd3 Ka7 27. Rfd1 Nd7 28. f3 Rh5 29. Ra1 Nb6 30. Kf2 d5 31. Nf4 dxe4 32. fxe4 Rhc5 33. Nde2 Re5 34. Kf3 f5 35. exf5 Rxf5 36. g4 hxg3 37. hxg3 Rg5 38. Rad1 Rc7 39. g4 Bc5 40. Ng3 Be7 41. Ne4 Rg8 42. Rh1 Nd7 43. Rh5 f5 44. gxf5 Ne5+ 45. Ke3 exf5 46. Rxf5 Nxd3 47. Kxd3 Bd8 48. Nc5 Rcg7 49. Kd4 Rg1 50. Nfd3 1/2-1/2